[Event "Amber-rapid 4th"]
[Site "Monte Carlo"]
[Date "1995.??.??"]
[Round "3"]
[White "Piket, Jeroen"]
[Black "Shirov, Alexei"]
[Result "1/2-1/2"]
[WhiteElo "2670"]
[BlackElo "2710"]

1.d4 Nf6 2.c4 c5 3.d5 b5 4.Nf3 Bb7 5.e3 d6 6.Be2 Nbd7 7.cxb5 Nxd5 8.O-O g6
9.Na3 Bg7 10.Nc4 O-O 11.Bd2 Rb8 12.a4 Nb4 13.Bc3 d5 14.Bxg7 Kxg7 15.Nce5 Nxe5
16.Nxe5 Qd6 17.Nd3 Nxd3 18.Qxd3 e5 19.Rac1 d4 20.exd4 cxd4 21.Bf3 Bxf3 22.gxf3 Rbc8
23.b3 Qf6 24.Rc4 Qg5+ 25.Kh1 Rxc4 26.bxc4 Rc8 27.a5 Qf5 28.Qxf5 gxf5 29.f4 Rxc4
30.fxe5 Rb4 31.Rd1 Rxb5 32.Rxd4 Rxe5 33.a6 Re6 34.Ra4 Kf6 35.Kg2 Re4 36.Ra5 h5
37.h3 Kg5 38.Ra3 h4 39.Kf3 Rb4 40.Kg2 Kf4 41.Rf3+ Ke5 42.Re3+ Kd6 43.Re8 Ra4
44.Rh8 Ke5 45.Rh6 f6 46.Rh7 Rxa6 47.Rxh4 Ra1 48.Rh7 a5 49.h4 Kf4 50.Rg7 Rc1
51.h5 Rc8  1/2-1/2

[Event "Chess Classics op"]
[Site "Frankfurt"]
[Date "1996.??.??"]
[Round "?"]
[White "Lutz, Christopher"]
[Black "Shirov, Alexei"]
[Result "1-0"]
[WhiteElo "2595"]
[BlackElo "2690"]

1.e4 c5 2.Nf3 d6 3.d4 cxd4 4.Nxd4 Nf6 5.Nc3 a6 6.Be2 e5 7.Nb3 Be7 8.O-O O-O
9.Kh1 Qc7 10.f4 b5 11.a4 b4 12.Nd5 Nxd5 13.exd5 Bb7 14.a5 Nd7 15.Ra4 Nf6
16.Rxb4 Bxd5 17.Rb7 Bxb7 18.Bd3 Be4 19.Bb5 Qc5  1-0

[Event "Chess Classics op"]
[Site "Frankfurt"]
[Date "1996.??.??"]
[Round "?"]
[White "Shirov, Alexei"]
[Black "Reinemer, Frank"]
[Result "0-1"]
[WhiteElo "2690"]
[BlackElo "2240"]

1.d4 f5 2.g3 Nf6 3.Bg2 g6 4.Nf3 Bg7 5.O-O O-O 6.b3 d6 7.Bb2 c6 8.Nbd2 Na6
9.c4 e5 10.dxe5 Ng4 11.Ba3 Nxe5 12.Nxe5 Bxe5 13.Nf3 Bxa1 14.Qxa1 Qe7 15.Qd4 c5
16.Qc3 h6 17.Bb2 Kh7 18.Rd1 Nc7 19.Rxd6 Ne8 20.Rd5 Be6 21.Re5 Rd8 22.Qe3 Rd1+
23.Bf1 Ng7 24.Rxc5 f4 25.gxf4 Bh3 26.Nd2 Qxe3 27.fxe3 Rxd2 28.Bc3 Rd1  0-1

[Event "Amber-blind 5th"]
[Site "Monte Carlo"]
[Date "1996.??.??"]
[Round "4"]
[White "Shirov, Alexei"]
[Black "Xie Jun"]
[Result "1/2-1/2"]
[WhiteElo "2690"]
[BlackElo "2530"]

1.e4 e5 2.Nf3 Nc6 3.Bb5 a6 4.Ba4 Nf6 5.O-O Be7 6.Re1 b5 7.Bb3 d6 8.c3 O-O
9.h3 Na5 10.Bc2 c5 11.d4 Qc7 12.Nbd2 cxd4 13.cxd4 Rd8 14.b3 Nc6 15.Bb2 exd4
16.Nxd4 Nxd4 17.Bxd4 Be6 18.Rc1 Qa5 19.Nf3 Rac8 20.Bb1 h6 21.Rxc8 Bxc8 22.Bb2 d5
23.exd5 Rxd5 24.Qe2 Be6 25.Nd4 Rd6 26.Nf5 Bxf5 27.Bxf5 Bf8 28.Bc1 Qc3 29.Bf4 Rd8
30.Rc1 Qb4 31.Be5 Re8 32.Qb2 Bd6 33.Bxd6  1/2-1/2

[Event "Amber-rapid 5th"]
[Site "Monte Carlo"]
[Date "1996.??.??"]
[Round "4"]
[White "Xie Jun"]
[Black "Shirov, Alexei"]
[Result "1/2-1/2"]
[WhiteElo "2530"]
[BlackElo "2690"]

1.e4 e5 2.Nf3 Nc6 3.Bb5 a6 4.Ba4 Nf6 5.O-O b5 6.Bb3 Bc5 7.c3 d6 8.h3 Bb7
9.Re1 O-O 10.d4 Bb6 11.Be3 h6 12.Nbd2 exd4 13.cxd4 Nb4 14.Qb1 c5 15.a3 Nc6
16.dxc5 dxc5 17.e5 Nd5 18.Ne4 c4 19.Bxb6 Qxb6 20.Bc2 Rfe8 21.Nd6 Nxe5 22.Nxe8 Nxf3+
23.gxf3 Nf4 24.Bf5 Qd8 25.Bh7+ Kh8 26.Qf5 Qh4 27.Qg4 Qxg4+ 28.fxg4 Kxh7 29.Nd6 Bd5
30.Rad1 Bf3 31.Rd2 Nxh3+ 32.Kh2 Ng5 33.Kg3 Rd8 34.Nxc4 Rb8 35.Nd6 b4 36.a4 b3
37.Re5 Bc6 38.f4 Nf3 39.Rc5 Nxd2 40.Rxc6 Rb4 41.Nxf7 Nc4 42.g5 Kg8 43.gxh6 gxh6
44.Nxh6+ Kh7 45.f5 Nxb2 46.Ng4 Nd3 47.Rc7+ Kg8 48.Nh6+ Kh8 49.Nf7+ Kg8 50.Nh6+ Kh8
51.Nf7+ Kg8 52.f6 Rf4 53.Nh6+ Kh8 54.Nf7+ Kg8 55.Nh6+ Kh8  1/2-1/2

[Event "Amber-rapid 5th"]
[Site "Monte Carlo"]
[Date "1996.??.??"]
[Round "7"]
[White "Shirov, Alexei"]
[Black "Karpov, Anatoly"]
[Result "0-1"]
[WhiteElo "2690"]
[BlackElo "2770"]

1.e4 c6 2.d4 d5 3.e5 c5 4.dxc5 Nc6 5.Bb5 e6 6.Be3 Ne7 7.Nf3 Bd7 8.O-O Nxe5
9.Nxe5 Bxb5 10.c4 Bc6 11.Nc3 dxc4 12.Qg4 Nf5 13.Rad1 Qh4 14.Qxh4 Nxh4 15.Nxc6 bxc6
16.Rd4 Be7 17.Rxc4 O-O 18.b4 a6 19.a4 Ng6 20.b5 axb5 21.axb5 cxb5 22.Nxb5 Ne5
23.Rc2 Rfc8 24.Rd1 Ra5 25.Nd6 Bxd6 26.Rxd6 Kf8 27.h3 Nc6 28.Kh2 Ke7 29.Rb2 Ra7
30.Bg5+ f6 31.Rb6 Rac7 32.Be3 e5 33.f4 Kf7 34.fxe5 Nxe5 35.Rb4 h5 36.Rh4 Kg6
37.Re4 Nd7 38.Re7 Nxc5 39.Rxc7 Rxc7 40.Bxc5 Rxc5 41.Rd7 Rc4 42.Kg3 h4+ 43.Kf3 f5
44.Ra7 Kf6 45.Ra6+ Kg5 46.Rb6 g6 47.Ra6 Rb4 48.Rc6 Rb7 49.Ra6 Rf7 50.Rb6 Rf6
51.Rb8 Ra6 52.Rh8 Ra3+ 53.Kf2 Ra4 54.Kf3 Rf4+ 55.Ke3 Re4+ 56.Kf3 Kf6 57.Rf8+ Kg7
58.Ra8 g5 59.Ra6 Kf7 60.Rb6 Re6 61.Rb5 Kf6 62.Ra5 Rc6 63.Rb5 Ke6 64.Ra5 Rd6
65.Rb5 Rd3+ 66.Kf2 Rd5 67.Rb4 Ke5 68.Ke3 Ra5 69.Kf2 Ra2+ 70.Kf3 Ra3+ 71.Kf2 Rd3
72.Ra4 Rd4 73.Ra3 g4 74.hxg4 fxg4 75.Ra5+ Ke4 76.Ra2 g3+ 77.Ke2 Rb4 78.Kf1 Rb1+
79.Ke2 h3 80.Ra4+ Kf5 81.Ra5+ Kf6 82.Ra6+ Ke7 83.Ra7+ Kd6 84.Ra6+ Kc7  0-1

[Event "Moscow PCA-GP  blitz"]
[Site "Moscow"]
[Date "1996.??.??"]
[Round "1.3"]
[White "Chernin, Alexander"]
[Black "Shirov, Alexei"]
[Result "1-0"]
[WhiteElo "2595"]
[BlackElo "2690"]

1.d4 d5 2.Bg5 c6 3.Nf3 h6 4.Bh4 Bg4 5.Ne5 Bf5 6.g4 Be4 7.f3 Bh7 8.e3 Nd7
9.Bg3 Nxe5 10.Bxe5 e6 11.Bd3 Bxd3 12.Qxd3 Ne7 13.Nd2 Ng6 14.Bg3 Bd6 15.f4 Qc7
16.O-O-O O-O-O 17.Nf3 Ne7 18.Ne5 Rhf8 19.Kb1 f6 20.Qd2 g5 21.Nd3 Ng6 22.h3 f5
23.Ne5 Bxe5 24.dxe5 gxf4 25.exf4 Qg7 26.Rhg1 Qh7 27.Bh2 h5 28.g5 d4 29.Qb4 Qd7
30.Rgf1 Qd5 31.Bg1 c5 32.Qa5 Kb8 33.Rd3 Qg2 34.Rdd1 Qd5 35.Rd3 Qg2 36.Rc1 b6
37.Qa4 Nxf4 38.Ra3 Qb7 39.Qc4 Nd5 40.Rd3 f4 41.a4 f3 42.Bf2 Rf5 43.a5 Rxe5
44.Bg3 Qc7 45.axb6 Nxb6 46.Qb5 Rf8 47.Rf1 Ka8 48.Bxe5 Qxe5 49.Rdxf3 Rf5 50.Rxf5 exf5
51.Qc6+ Kb8 52.g6 d3 53.cxd3 Qd4 54.Qb5 c4 55.Qxf5 cxd3 56.Qf4+ Qxf4 57.Rxf4  1-0

[Event "Tallinn rapid"]
[Site "Tallinn"]
[Date "1996.??.??"]
[Round "1"]
[White "Shirov, Alexei"]
[Black "Liiva, Riho"]
[Result "1/2-1/2"]
[WhiteElo "2690"]
[BlackElo "2425"]

1.d4 d5 2.c4 c6 3.Nc3 e6 4.e4 Bb4 5.e5 c5 6.a3 Bxc3+ 7.bxc3 Ne7 8.Nf3 Nbc6
9.Bd3 cxd4 10.cxd4 b6 11.cxd5 Qxd5 12.O-O Bb7 13.Bb2 Nf5 14.Re1 Nce7 15.Be4 Qd7
16.g4 Bxe4 17.Rxe4 Nh6 18.Qd3 Nd5 19.Bc1 Ng8 20.Re1 Nge7 21.Ng5 Ng6 22.Ne4 O-O
23.Bg5 Rac8 24.Rac1 Rxc1 25.Rxc1 Rc8 26.Rxc8+ Qxc8 27.Qf3 Qd7 28.h4 h6 29.h5 Nxe5
30.dxe5 hxg5 31.Nxg5 Qe7 32.Ne4 Qh4 33.Nd6 f6 34.exf6 Nxf6 35.Nc8 Qxg4+ 36.Qxg4 Nxg4
37.Nxa7 Nf6 38.Nc8 Nd5  1/2-1/2

[Event "Tallinn rapid"]
[Site "Tallinn"]
[Date "1996.??.??"]
[Round "3"]
[White "Shirov, Alexei"]
[Black "Smyslov, Vassily"]
[Result "1/2-1/2"]
[WhiteElo "2690"]
[BlackElo "2550"]

1.e4 e5 2.Nf3 Nc6 3.Bb5 a6 4.Ba4 Nf6 5.O-O Nxe4 6.d4 b5 7.Bb3 Be7 8.Nxe5 Nxe5
9.dxe5 Bb7 10.Qg4 O-O 11.Nc3 Nxc3 12.Bh6 Bf6 13.exf6 Qxf6 14.Be3 Nd5 15.Rad1 Qe6
16.Qh5 c6 17.Bxd5 cxd5 18.Rd4 Qg6 19.Qh3 f5 20.Bd2 Rac8 21.Bc3 Rfe8 22.Rfd1 Rc4
23.Qd3 Bc6 24.f3 Re6 25.b3 Rxd4 26.Bxd4 f4 27.Qxg6 hxg6 28.Kf2  1/2-1/2

[Event "Amber-rapid 6th"]
[Site "Monte Carlo"]
[Date "1997.??.??"]
[Round "3"]
[White "Shirov, Alexei"]
[Black "Piket, Jeroen"]
[Result "1/2-1/2"]
[WhiteElo "2690"]
[BlackElo "2640"]

1.e4 e5 2.Nf3 Nc6 3.Bb5 a6 4.Bxc6 dxc6 5.O-O f6 6.d4 Bg4 7.c3 Bd6 8.Be3 Qe7
9.Nbd2 O-O-O 10.Qc2 exd4 11.Nxd4 h5 12.Nc4 Nh6 13.h3 Bd7 14.Rfe1 g5 15.Rad1 Rhe8
16.f3 c5 17.Nf5 Bxf5 18.exf5 Bg3 19.Rxd8+ Qxd8 20.Re2 Qd5 21.Bf2 Rxe2 22.Qxe2 Nxf5
23.Qe8+ Qd8 24.Qxd8+ Kxd8 25.Bxc5 Kd7 26.Kf1 Ke6 27.Ne3 Nh4 28.Nc2 Ng6 29.Be3 Bf4
30.Bf2 Be5 31.Ne1 f5 32.Nd3 Bd6 33.c4 Ne5 34.Nxe5 Bxe5 35.b3 g4  1/2-1/2

[Event "Amber-rapid 6th"]
[Site "Monte Carlo"]
[Date "1997.??.??"]
[Round "7"]
[White "Karpov, Anatoly"]
[Black "Shirov, Alexei"]
[Result "1-0"]
[WhiteElo "2760"]
[BlackElo "2690"]

1.d4 Nf6 2.c4 g6 3.g3 Bg7 4.Bg2 O-O 5.Nc3 d6 6.Nf3 Nc6 7.O-O a6 8.Re1 Rb8
9.Rb1 Bf5 10.e4 Bg4 11.Be3 Nd7 12.Ne2 e5 13.d5 Ne7 14.Qd2 Bxf3 15.Bxf3 f5
16.Bg2 Nf6 17.Bg5 Qd7 18.Nc3 f4 19.gxf4 h6 20.Bxf6 Bxf6 21.fxe5 Bxe5 22.Qxh6 Qg4
23.Ne2 Rf7 24.h3 Qd7 25.Qg5 Rbf8 26.Rf1 Qa4 27.f4 Qxc4 28.Qg4 Bg7 29.b3 Qc5+
30.Kh1 Qa3 31.Rbc1 c6 32.dxc6 bxc6 33.Rcd1 d5 34.exd5 cxd5 35.Bxd5 Nxd5 36.Rxd5 Qxa2
37.Rg5 Re8 38.Ng3 Qxb3 39.Rxg6 Qd5+ 40.Kh2 Qd2+ 41.Kg1 Re1 42.Nh5 Qe3+ 43.Kg2 Re2+
44.Kh1 Qe4+ 45.Kg1 Qe3+ 46.Kh1 Qe4+ 47.Qf3 Qxg6 48.Qxe2 Bd4 49.Qg4 Kh7 50.Kh2 Qc2+
51.Kg3 Qd3+ 52.Qf3 Qxf3+ 53.Rxf3 a5 54.Rd3 Bh8 55.Ra3 Ra7 56.Ra4 Bc3 57.Kg4 Kg6
58.f5+ Kf7 59.Nf4 Bb4 60.Nd5 Rb7 61.Kf4 Rb5 62.Ke5 Rc5 63.h4 Rc4 64.Ra2 Rxh4
65.Rc2 Be1 66.Rc7+ Ke8 67.Kf6 Kd8 68.Ra7 a4 69.Kg6 Rd4 70.Nc7 Re4 71.f6 Bb4
72.Kf5 Rc4 73.Ne6+ Kc8 74.Rxa4  1-0

[Event "Hoogovens Blitz"]
[Site "Wijk aan Zee"]
[Date "1998.01.19"]
[Round "5"]
[White "Shirov, Alexei"]
[Black "Karpov, Anatoly"]
[Result "1/2-1/2"]
[WhiteElo "2710"]
[BlackElo "2735"]

1.e4 c6 2.d4 d5 3.Nc3 dxe4 4.Nxe4 Nd7 5.Ng5 Ngf6 6.Bd3 e6 7.N1f3 Bd6 8.Qe2 h6
9.Ne4 Nxe4 10.Qxe4 Qc7 11.Bd2 b6 12.O-O-O Bb7 13.Qg4 g5 14.Qh3 O-O-O 15.Rhe1 c5
16.dxc5 Nxc5 17.Bc3 Nxd3+ 18.Rxd3 Bf4+ 19.Kb1 Rxd3 20.cxd3 Rd8 21.Be5 Qd7
22.Bxf4 Qxd3+ 23.Ka1 gxf4 24.Rc1+ Kb8 25.Qxh6 Qf5 26.Qh4 Rc8 27.Rxc8+ Bxc8
28.Qd8 Qe4 29.Qd6+ Kb7 30.h4 Qe2 31.a3 Qf1+ 32.Ka2 Qc4+ 33.Ka1 Qf1+ 34.Ka2 Qc4+
35.Ka1 e5 36.Nd2 Qc1+ 37.Ka2 Be6+ 38.b3 Qc2+ 39.Ka1 Qc3+ 40.Ka2 e4 41.Qxf4 Qc2+
42.Ka1 Qc1+ 43.Ka2 Qc2+ 44.Ka1 Qc1+ 45.Ka2  1/2-1/2

[Event "Grand Prix m2"]
[Site "Bordeaux"]
[Date "1998.??.??"]
[Round "?"]
[White "Shirov, Alexei"]
[Black "Adla, Diego"]
[Result "1-0"]
[WhiteElo "2710"]
[BlackElo "2460"]

1.e4 e5 2.Nf3 Nc6 3.Bb5 a6 4.Ba4 Nf6 5.O-O Be7 6.Re1 b5 7.Bb3 d6 8.c3 O-O
9.h3 Na5 10.Bc2 c5 11.d4 Qc7 12.Nbd2 cxd4 13.cxd4 Bb7 14.d5 Rac8 15.Bb1 Nd7
16.Nf1 f5 17.exf5 Nf6 18.Ng5 Bxd5 19.Ne3 Qb7 20.b3 Rfe8 21.Bd2 Bd8 22.Bb4 h6
23.Ne6 Bb6 24.Qd2 Bxe6 25.fxe6 Nc6 26.Bg6 Rxe6 27.Bf5 Rce8 28.Bxe6+ Rxe6
29.Nf5 Nxb4 30.Qxb4 Bc5 31.Qh4 b4 32.Rad1 Qf7 33.Rd3 Nd5 34.Rxd5 Qxf5 35.Rd2 Rf6
36.Qc4+ Kh7 37.Qe4 Qxe4 38.Rxe4 Kg6 39.g3 Kf5 40.Rc4 Ke6 41.Kg2 a5 42.f4 exf4
43.Re4+ Kd7 44.Rxf4 Rxf4 45.gxf4 Ke6 46.Kf3 Kf5 47.Rd5+ Ke6 48.Ke4 g6 49.h4 Bf2
50.h5 gxh5 51.Rxh5  1-0

[Event "Grand Prix de Bordeaux"]
[Site "Bordeaux"]
[Date "1999.04.09"]
[Round "1.1"]
[White "Shirov, Alexei"]
[Black "Fressinet, Laurent"]
[Result "1-0"]
[WhiteElo "2450"]
[BlackElo "2135"]

1.e4 c5 2.Nf3 Nc6 3.d4 cxd4 4.Nxd4 Nf6 5.Nc3 a6 6.Be2 Qc7 7.O-O e6 8.Kh1 Nxd4
9.Qxd4 Bc5 10.Qd3 h5 11.Bg5 Ng4 12.f4 f6 13.e5 fxg5 14.Qg6+ Kd8 15.Qxg5+ Be7
16.Qxg7 Rf8 17.Bxg4 hxg4 18.f5 Qc6 19.fxe6 Rxf1+ 20.Rxf1 Qxe6 21.Rd1 Qf5
22.Nd5 Bf8 23.Qh8 b5 24.e6  1-0

[Event "Grand Prix de Bordeaux"]
[Site "Bordeaux"]
[Date "1999.04.09"]
[Round "1.2"]
[White "Fressinet, Laurent"]
[Black "Shirov, Alexei"]
[Result "0-1"]
[WhiteElo "2135"]
[BlackElo "2450"]

1.e4 e6 2.d4 d5 3.e5 c5 4.c3 Qb6 5.Nf3 Bd7 6.a3 Nc6 7.b4 cxd4 8.cxd4 Rc8
9.Bb2 Na5 10.Nbd2 Nc4 11.Nxc4 dxc4 12.Rc1 a5 13.Nd2 axb4 14.Nxc4 Qd8 15.a4 Bc6
16.a5 Rc7 17.Qb3 Qd5 18.f3 Nh6 19.Bd3 Nf5 20.Be4 Qd8 21.Bxf5 exf5 22.Nb6 Qh4+
23.g3 Qh3 24.Kf2 f4 25.a6 bxa6 26.Rxc6 Rxc6 27.Qa4 Qh6 28.Kg2 fxg3 29.d5 Qd2+
30.Kh3 Qh6+ 31.Kg4 Qg6+ 32.Kf4 Qh6+ 33.Ke4 Qg6+ 34.Ke3 Bc5+ 35.Bd4 Qh6+ 36.Kd3 Qg6+
37.Kc4 Bxb6+ 38.dxc6 Bc7  0-1

[Event "Amsterdam blind sim"]
[Site "Amsterdam"]
[Date "1999.09.05"]
[Round "?"]
[White "Shirov, Alexei"]
[Black "Piket, Joop J"]
[Result "1-0"]
[WhiteElo "2734"]
[BlackElo "2235"]

1.e4 d6 2.d4 g6 3.Nc3 c6 4.f4 d5 5.Nf3 Bg7 6.e5 Bg4 7.h3 Bxf3 8.Qxf3 e6 9.Be3 h5
10.g3 Nd7 11.O-O-O b5 12.g4 Qa5 13.Kb1 Ne7 14.Bd3 b4 15.Ne2 c5 16.dxc5 Nc6
17.Ng3 h4 18.Ne4 dxe4 19.Bxe4 Ncxe5 20.fxe5 Nxe5 21.Bc6+ Kf8 22.Qe4 f5 23.gxf5 gxf5
24.Rhf1 Rd8 25.Rd6 Bf6 26.Rxf5 exf5 27.Rxf6+ Nf7 28.Rxf7+ Kxf7 29.Qe5 Kf8
30.Qxh8+  1-0

[Event "Eu Team Ch"]
[Site "Batumi GEO"]
[Date "1999.12.02"]
[Round "4"]
[White "Shirov,A"]
[Black "Jussupow,A"]
[Result "1/2-1/2"]
[WhiteElo "2734"]
[BlackElo "2636"]

1.e4 e5 2.Nf3 Nf6 3.Nxe5 d6 4.Nf3 Nxe4 5.d4 d5 6.Bd3 Nc6 7.O-O Be7 8.Re1 Bg4
9.c4 Nf6 10.Nc3 Bxf3 11.Qxf3 Nxd4 12.Qd1 Ne6 13.Bf5 dxc4 14.Qa4+ c6 15.Bxe6 fxe6
16.Qxc4 Nd5 17.Rxe6 O-O 18.Be3 Bf6 19.Bc5 Rf7 20.Rae1 Bxc3 21.bxc3 h6 22.Bxa7 Nc7
23.Re7 Qd5 24.Qxd5 Nxd5 25.Re8+ Rf8 26.Rxf8+ Kxf8 27.Bc5+ Kg8 28.c4 Nf4 29.Bd6 Nd3
30.Re2 Rd8 31.Bc7 Rd4 32.g3  1/2-1/2

[Event "Dordrecht FPO"]
[Site "Dordrecht"]
[Date "1999.??.??"]
[Round "1"]
[White "Shirov, Alexei"]
[Black "Holscher, Peter"]
[Result "1-0"]
[WhiteElo "2726"]
[BlackElo "2110"]

1.d4 Nf6 2.c4 e6 3.Nc3 Bb4 4.e3 c5 5.Ne2 O-O 6.a3 cxd4 7.axb4 dxc3 8.Nxc3 d5
9.cxd5 Nxd5 10.Nxd5 exd5 11.Be2 Be6 12.O-O Nc6 13.b5 Ne5 14.b3 Ng6 15.Bb2 f6
16.Qd4 b6 17.Rfc1 Rf7 18.Rc6 Nf8 19.Ba3 Qd7 20.Rac1 Qe8 21.Bf3 Rd8 22.Bd6 Rfd7
23.Bg3 Bf7 24.Bg4 Be6 25.Be2 Bf7 26.b4 Ne6 27.Qd2 d4 28.e4 d3 29.Bg4 h5 30.Bf5 Rd4
31.h4 Nf8 32.Rc7 Be6 33.Bf4 Qxb5 34.Bh6 R4d7 35.Bxe6+ Nxe6 36.Rxd7 Qxd7 37.Be3 Nd4
38.Kf1 Nb3 39.Qa2 Qf7 40.Rd1 d2 41.Kg1 Rd7 42.Qc2 Rc7 43.Qb2 Rc1 44.Rxc1 dxc1=Q+
45.Bxc1 Nxc1 46.Qxc1 Qe6 47.f3 Qe5 48.Qc4+ Kh7 49.Kf2 b5 50.Qc5 Qb2+ 51.Kg3 Qe5+
52.Kh3 Qe6+ 53.Kh2 Qe5+ 54.g3 Qb2+ 55.Kh3 Qe5 56.Qc6 f5 57.exf5 Qxf5+ 58.Kg2 Qe5
59.Qe4+ Qxe4 60.fxe4 Kg6 61.Kf3 Kf6 62.Kf4 Ke6 63.e5 g6 64.Ke4 a6  1-0

[Event "Dordrecht FPO"]
[Site "Dordrecht"]
[Date "1999.??.??"]
[Round "1"]
[White "Holscher, Peter"]
[Black "Shirov, Alexei"]
[Result "0-1"]
[WhiteElo "2110"]
[BlackElo "2726"]

1.Nf3 g6 2.d4 Nf6 3.g3 Bg7 4.Bg2 O-O 5.O-O d6 6.c4 Nc6 7.Nc3 a6 8.h3 e5 9.Be3 Bd7
10.Rc1 Qc8 11.Kh2 exd4 12.Nxd4 Ne5 13.b3 Re8 14.Qd2 Rb8 15.Nd5 c5 16.Nf3 Nxf3+
17.exf3 Nxd5 18.cxd5 b5 19.Rfe1 b4 20.Bf4 Qc7 21.Rxe8+ Bxe8 22.Be3 a5 23.f4 Bd7
24.h4 h5 25.Bf1 Bf5 26.Bd3 Qd7 27.Bxf5 Qxf5 28.Qc2 Qxc2 29.Rxc2 f5 30.Kg2 Kf7
31.Kf3 a4 32.Ke2 Ra8 33.bxa4 Rxa4 34.Kd3 Ke7 35.Kc4 Kd7 36.Kb5 Ra8 37.Re2 Re8
38.Rc2 Kc7 39.Kc4 Kb6 40.Kb3 Kb5 41.a4+ bxa3 42.Kxa3 c4 43.Rb2+ Bxb2+ 44.Kxb2 Kb4
45.Kc2 c3 46.Kd3 Kb3 47.Kd4  0-1

[Event "Dordrecht FPO"]
[Site "Dordrecht"]
[Date "1999.??.??"]
[Round "2"]
[White "Becx, Cesar"]
[Black "Shirov, Alexei"]
[Result "0-1"]
[WhiteElo "2250"]
[BlackElo "2726"]

1.f4 d5 2.Nf3 g6 3.g3 Bg7 4.Bg2 Nf6 5.O-O O-O 6.d3 b6 7.Ne5 Bb7 8.Nc3 Nbd7
9.e4 dxe4 10.Nxd7 Qxd7 11.dxe4 e5 12.Qxd7 Nxd7 13.f5 h5 14.Nd5 c6 15.f6 cxd5
16.fxg7 Kxg7 17.exd5 Rac8 18.c3 f5 19.Be3 Nf6 20.Rad1 Rfd8 21.Bg5 Rd7 22.Bxf6+ Kxf6
23.h3 Ke7 24.g4 hxg4 25.hxg4 f4 26.Be4 Kd6 27.Kf2 Rh7 28.Rh1 Rch8 29.Rxh7 Rxh7
30.Kg2 Rh4 31.Bf3 g5 32.b4 Ba6 33.a4 Bc4 34.Re1 Bd3 35.a5 bxa5 36.bxa5 e4
37.Bxe4 Rxg4+ 38.Kf2 Bxe4 39.Rxe4 Kxd5 40.Re7 a6 41.Ra7 Rg3 42.Rxa6 g4 43.Rf6 Ke5
44.Rh6 Rxc3 45.Rh5+ Ke4 46.a6 Rc2+ 47.Kf1 g3 48.a7 Ra2 49.Rh7 f3 50.Re7+ Kd4
51.Rd7+ Kc5 52.Rf7 Ra1+  0-1

[Event "Dordrecht FPO"]
[Site "Dordrecht"]
[Date "1999.??.??"]
[Round "4"]
[White "Shirov, Alexei"]
[Black "Epishin, Vladimir"]
[Result "1/2-1/2"]
[WhiteElo "2726"]
[BlackElo "2578"]

1.e4 c6 2.d4 d5 3.e5 Bf5 4.Nc3 e6 5.g4 Bg6 6.Nge2 f6 7.h4 fxe5 8.h5 Bf7 9.dxe5 c5
10.Ng3 Be7 11.Bg2 Nc6 12.O-O Nh6 13.f4 g5 14.f5 Nxe5 15.fxe6 Bxe6 16.Nxd5 Nhxg4
17.Nxe7 Qxe7 18.Ne4 Rd8 19.Bxg5 Rxd1 20.Raxd1 Rg8 21.Nd6+ Qxd6 22.Rxd6 Rxg5
23.Rxe6+ Kd7 24.Ref6 Nxf6 25.Rxf6 Rxh5 26.Bxb7 Rg5+ 27.Kf1 Rg6 28.Rf5 Ke6
29.Bc8+ Kd6 30.Rf2 h5 31.Bf5 Rf6 32.Ke2 Nc6 33.c3 Ke5 34.Bd7 Rxf2+ 35.Kxf2  1/2-1/2

[Event "Porzellan-Cup"]
[Site "Dresden"]
[Date "1999.??.??"]
[Round "2.1"]
[White "Shirov, Alexei"]
[Black "Boensch, Uwe"]
[Result "1-0"]
[WhiteElo "2720"]
[BlackElo "2530"]

1.e4 c5 2.Nf3 d6 3.d4 cxd4 4.Nxd4 Nf6 5.Nc3 e6 6.g4 h6 7.h3 Nc6 8.Be3 Qc7
9.Qd2 a6 10.f4 Nxd4 11.Bxd4 b5 12.Bd3 Bb7 13.O-O-O b4 14.Bxf6 gxf6 15.Ne2 d5
16.exd5 Bxd5 17.Rhe1 Bd6 18.Kb1 a5 19.Bb5+ Kf8 20.Qd4 Be7 21.Ba4 Rd8 22.Qf2 h5
23.Bb3 Bxb3 24.Rxd8+ Qxd8 25.axb3 hxg4 26.hxg4 Qd2 27.f5 e5 28.Rf1 Rh3 29.g5 Qxg5
30.Qa7 Rh2 31.Rg1 Qd2 32.Qa8+ Bd8 33.Rg2 Qd1+ 34.Ka2 Rxg2 35.Qxg2 Qxc2 36.Qf3 e4
37.Qe3 Bb6 38.Qxb6 Qxe2 39.Qxf6 Qf3 40.Qh8+ Ke7 41.Qe5+ Kf8 42.f6 Kg8 43.Qg5+ Kf8
44.Qg7+ Ke8 45.Qg8+ Kd7 46.Qxf7+ Kd6 47.Qe7+ Kd5 48.f7 a4 49.bxa4  1-0

[Event "Senat-CanalWeb GP"]
[Site "Paris FRA"]
[Date "2000.05.07"]
[Round "2.1"]
[White "Spassky,B"]
[Black "Shirov,A"]
[Result "0-1"]
[WhiteElo "2551"]
[BlackElo "2751"]

1.e4 e6 2.d4 d5 3.Nc3 Nf6 4.Bg5 dxe4 5.Nxe4 Be7 6.Bxf6 Bxf6 7.Nf3 O-O 8.Bc4 Nc6
9.c3 e5 10.dxe5 Nxe5 11.Nxf6+ Qxf6 12.Nxe5 Qxe5+ 13.Qe2 Re8 14.Qxe5 Rxe5+
15.Kd2 Be6 16.Bxe6 Rd8+ 17.Kc2 Re2+ 18.Kb3 fxe6 19.Rad1 Rd6 20.Rxd6 cxd6
21.Rf1 d5 22.a4 Kf7 23.a5 e5 24.Ka3 Ke6 25.b3 g5 26.Kb4 h5 27.h3 e4 28.g3 Ke5
29.Kc5 Rd2 30.Kb4 h4 31.gxh4 gxh4 32.a6 bxa6 33.Ra1 Rxf2 34.Rxa6 Rf7 35.Rh6 e3  0-1

[Event "Simul"]
[Site "Bergen NOR"]
[Date "2001.02.10"]
[Round "1"]
[White "Shirov,A"]
[Black "Mork,K"]
[Result "1-0"]
[WhiteElo "2718"]
[BlackElo "2283"]

1.d4 Nf6 2.c4 c5 3.d5 b5 4.cxb5 a6 5.b6 Bb7 6.Nc3 e6 7.e4 Qxb6 8.Nf3 Qa5
9.Bd2 Qb6 10.Bd3 exd5 11.exd5 Be7 12.O-O O-O 13.Re1 Qd8 14.Qb3 Bc8 15.Re2 d6
16.Rae1 Re8 17.Bg5 Nbd7 18.Ne4 Nxe4 19.Rxe4 f6 20.Bf4 Rb8 21.Qc2 Nf8 22.h3 Bf5
23.R4e2 Bxd3 24.Qxd3 Ng6 25.Bg3 Ne5 26.Bxe5 dxe5 27.b3 Qd7 28.Qxa6 Bd6 29.Qd3 Re7
30.Nd2 f5 31.Nc4 e4 32.Qc3 Rbe8 33.a4 Be5 34.Qd2 Bd4 35.d6 Rf7 36.a5 Qb7
37.Qc2 Rf6 38.Kh1 Rfe6 39.b4 cxb4 40.Rd1 Bc3 41.Qb3 Kf8 42.d7 Rd8 43.Nb6 Re5
44.Ra2 e3 45.fxe3 Rxe3 46.Qd5 Qxd5 47.Nxd5 Re1+ 48.Rxe1 Bxe1 49.a6 b3  1-0

[Event "Simul"]
[Site "Bergen NOR"]
[Date "2001.02.10"]
[Round "1"]
[White "Shirov,A"]
[Black "Fyllingen,R"]
[Result "1-0"]
[WhiteElo "2718"]
[BlackElo "2389"]

1.e4 e5 2.Nf3 Nc6 3.Bb5 a6 4.Ba4 Nf6 5.O-O Be7 6.Re1 b5 7.Bb3 d6 8.c3 O-O
9.h3 Nd7 10.d4 Bf6 11.a4 Bb7 12.d5 Na5 13.Bc2 Qe7 14.Nbd2 c6 15.b4 Nc4 16.Nxc4 bxc4
17.dxc6 Bxc6 18.Nd2 d5 19.exd5 Bxd5 20.Ne4 Qe6 21.Qh5 g6 22.Nxf6+ Qxf6 23.Qe2 Rfe8
24.Be3 Qc6 25.f3 f5 26.Bg5 Kf7 27.a5 Qe6 28.Rad1 Bc6 29.Qf2 Kg7 30.Qh4 Rac8
31.Rd2 Nf6 32.g4 Nd5 33.Rde2 e4 34.gxf5 Qxf5 35.fxe4 Qf3 36.Rf2 Qh5 37.Qxh5 gxh5
38.Ref1 Nc7 39.Rf7+  1-0

[Event "Simul"]
[Site "Bergen NOR"]
[Date "2001.02.10"]
[Round "1"]
[White "Shirov,A"]
[Black "Bern,I"]
[Result "1-0"]
[WhiteElo "2718"]
[BlackElo "2375"]

1.e4 e6 2.d4 d5 3.e5 c5 4.c3 Ne7 5.Nf3 Nec6 6.Be2 b6 7.O-O Ba6 8.dxc5 bxc5
9.c4 d4 10.Bd3 Nd7 11.Bf4 Be7 12.Re1 g5 13.Bg3 h5 14.h3 Qc7 15.Nbd2 O-O-O
16.Ne4 Rdg8 17.Nd6+ Bxd6 18.exd6 Qb8 19.b4 Qxb4 20.Rb1 Qa3 21.Be4 Nb4 22.Nxd4 h4
23.Bh2 Bxc4 24.Nc2 Nxc2 25.Qxc2 Ba6 26.Re3 Qa5 27.Qb2 g4 28.Ra3 Qb4 29.Rxa6 Qxe4
30.Rxa7 g3 31.Rc7+  1-0

[Event "Simul"]
[Site "Bergen NOR"]
[Date "2001.02.10"]
[Round "1"]
[White "Shirov,A"]
[Black "Manne,P"]
[Result "1-0"]
[WhiteElo "2718"]
[BlackElo "2386"]

1.d4 Nf6 2.c4 e6 3.Nc3 d5 4.cxd5 exd5 5.Bg5 Be7 6.e3 O-O 7.Bd3 Nbd7 8.Nge2 Re8
9.Qc2 Nf8 10.O-O-O c6 11.Kb1 Nh5 12.Bxe7 Qxe7 13.e4 dxe4 14.Bxe4 Be6 15.Rhe1 Qb4
16.d5 cxd5 17.Nxd5 Bxd5 18.Bxd5 Ne6 19.Nc3 Rad8 20.Bxe6 Rxd1+ 21.Qxd1  1-0

[Event "Simul"]
[Site "Bergen NOR"]
[Date "2001.02.10"]
[Round "1"]
[White "Shirov,A"]
[Black "Eriksen,T"]
[Result "1-0"]
[WhiteElo "2718"]
[BlackElo "2201"]

1.e4 e5 2.Nf3 Nf6 3.d4 Nxe4 4.Bd3 d5 5.Nxe5 Bd6 6.O-O O-O 7.c4 c6 8.Nc3 Nxc3
9.bxc3 Nd7 10.f4 f5 11.Qc2 Nf6 12.Bxf5 Bxf5 13.Qxf5 Bxe5 14.fxe5 Ne4 15.Qxf8+ Qxf8
16.Rxf8+ Rxf8 17.Ba3 Rf2 18.cxd5 cxd5 19.e6 Re2 20.e7 Kf7 21.Rf1+ Nf6 22.g4 Rxa2
23.Bb4 a5 24.Bd6 h6 25.h4 Re2 26.g5 hxg5 27.hxg5 Re6 28.gxf6 gxf6 29.Ba3 b5
30.Bc5  1-0

[Event "Arthur Andersen Simul"]
[Site "Neuilly-Sur-Seine FRA"]
[Date "2001.04.08"]
[Round "?"]
[White "Shirov,A"]
[Black "Taddei,B"]
[Result "1-0"]
[WhiteElo "2723"]
[BlackElo "2306"]

1.e4 e6 2.d4 d5 3.e5 c5 4.c3 Nc6 5.Nf3 Qb6 6.a3 Nh6 7.b4 cxd4 8.cxd4 Nf5
9.Bb2 Be7 10.h4 h5 11.Bd3 a5 12.Bxf5 exf5 13.Nc3 Be6 14.b5 Na7 15.a4 Nc8
16.O-O Qd8 17.g3 Nb6 18.Ba3 Rc8 19.Ne2 Nc4 20.Bxe7 Qxe7 21.Nf4 g6 22.Ng5 Rg8
23.Nh7 Qd8 24.Nf6+ Kf8 25.Qf3 Nd2 26.Qa3+ Kg7 27.Rfc1 Nc4 28.Qf3 Nd2 29.Qe3  1-0

[Event "Arthur Andersen Simul"]
[Site "Neuilly-Sur-Seine FRA"]
[Date "2001.04.08"]
[Round "?"]
[White "Shirov,A"]
[Black "Forthofer,R"]
[Result "1-0"]
[WhiteElo "2723"]
[BlackElo "2198"]

1.e4 c5 2.Nf3 d6 3.d4 cxd4 4.Nxd4 Nf6 5.Nc3 g6 6.Be3 Bg7 7.f3 O-O 8.Qd2 Nc6
9.O-O-O d5 10.exd5 Nxd5 11.Nxc6 bxc6 12.Bd4 Be6 13.Bxg7 Kxg7 14.Bc4 Qc8 15.Nxd5 cxd5
16.Bxd5 Rd8 17.Bxe6 Qxe6 18.Qc3+ Kg8 19.b3 Qf5 20.Qe3 Rdc8 21.Rd2 Rc7 22.Qe4 Rac8
23.Qxf5 gxf5 24.c4 Kg7 25.Kb2 e5 26.Kc3 Kg6 27.Rhd1 Kg5 28.Rd8 Rxd8 29.Rxd8 Kf4
30.b4 Ke3 31.a4 e4 32.b5 Kf2 33.Rd2+ Ke3 34.Rb2 Rd7 35.a5 Rd3+ 36.Kb4 Rd8
37.b6 Kd3 38.c5  1-0

[Event "Rapidplay"]
[Site "Liepaja LAT"]
[Date "2001.08.02"]
[Round "3"]
[White "Shirov,A"]
[Black "Dlugy,M"]
[Result "1-0"]
[WhiteElo "2706"]
[BlackElo "2531"]

1.e4 c6 2.d4 d5 3.e5 Bf5 4.Nc3 h5 5.Bd3 Bxd3 6.Qxd3 e6 7.Nf3 Nd7 8.O-O Ne7
9.Bg5 Qb6 10.b3 Nf5 11.Ne2 c5 12.c4 dxc4 13.bxc4 cxd4 14.Rab1 Nc5 15.Qd2 Qc7
16.Nexd4 Nxd4 17.Nxd4 b6 18.Qe3 Be7 19.Bxe7 Qxe7 20.Nb3 Rc8 21.Nxc5 Qxc5
22.Qg5 O-O 23.Qxh5 g6 24.Qg5 Qxc4 25.Rb3 Rfd8 26.Rh3 Rd3 27.g3  1-0